00816nam a2200205Ii 450000100060000000300090000600800410001504000330005604100080008908200200009724501280011726400610024530000120030633600260031833700280034433800270037294000520039999900170045195201420046819502CO-ViMGA241108s9999||||xx |||||||||||||| ||und|| aCO-ViMGAbspaerdacCO-ViMGA0 aspa04a342.8610873 C6510aConvención internacional sobre la eliminación de todas las formas de discriminación racial (1965) :bley 1482 de 2011 1aBogotá, Colombia : Presidencia de la República, 2012 avolumen atextbtxt2rdacontent aunmediatedbn2rdamedia avolumebnc2rdacarrier aidficha_siabuc: 19158. -- ficha_no_siabuc:19502 c49025d49025 001040708001aMEVIGERRbMEVIGERRcGENd2017-04-24o342.8610873 C65pECA25316r2024-11-26 09:50:39tEj.1w2024-11-26yBKz19158 | 24498